| 000 | 00443nam a2200193Ia 4500 | ||
|---|---|---|---|
| 005 | 20240823053009.0 | ||
| 008 | 240823s9999||||xx |||||||||||||| ||und|| | ||
| 020 | _a978-93-5119-798-0 | ||
| 041 | _aENGLISH | ||
| 082 | _A005.1 Q5 | ||
| 100 | _aSean T Allen et al. | ||
| 245 | 0 | _aStorm Applied | |
| 250 | _a1st | ||
| 260 |
_c2015 _bDreamtech New |
||
| 500 | _aYES | ||
| 650 |
_aStorm Applied _bGeneral |
||
| 942 | _cBK | ||
| 999 |
_c223163 _d223163 |
||